LDR 00674naa#a2200181#i#450# 001 EN\\bibl\118730 005 20260517185356.7 011 ## _a1994-4683 100 ## _a20230428b2023####ek#y0engy0150####ca 102 ## _aRU 200 1# _aFEMALE ATHLETES' SPECIALIZING IN ULTRA-LONG TRACK-AND-FIELD DISTANCES ENERGY PROFILE OFFUNCTIONAL FITNESS PECULIARITIES _eJournal article 210 1# _aMoscow _cNational State University of Physical Education, Sports and Health named after P.F. Lesgaft _d2023 215 ## _a6 с. 608 ## _aJournal article _2local 675 ## _aБег. Например,. 796.422 _z 700 #1 _aOvsyannikova _gA V 700 #1 _aMakarova _gN V 856 4# _auchzapiski.lesgaft.spb.ru _u